书目信息 |
| 题名: |
国学与人生
|
|
| 作者: | 博佩荣 | |
| 分册: | ||
| 出版信息: | 北京 东方出版社 2016.05 |
|
| 页数: | 301页 | |
| 开本: | 20cm | |
| 丛书名: | ||
| 单 册: | ||
| 中图分类: | Z126-49 | |
| 科图分类: | ||
| 主题词: | 丛书--中国 | |
| 电子资源: | ||
| ISBN: | 7-5060-9071-6 | |
| 000 | 00570nam0 2200205 450 | |
| 001 | 2914 | |
| 005 | 20161207092451.71 | |
| 010 | @a7-5060-9071-6@dCNY38.00 | |
| 100 | @a20150811d2016 km y0chiy0120 ea | |
| 101 | 0 | @achi |
| 102 | @aCN@b110000 | |
| 200 | 1 | @a国学与人生@Aguo xue yu ren sheng@f博佩荣@Fbo pei rong |
| 210 | @a北京@c东方出版社@d2016.05 | |
| 215 | @a301页@d20cm | |
| 330 | @a国学·通俗读物 | |
| 606 | 0 | @a丛书@x中国 |
| 690 | @aZ126-49@v4 | |
| 701 | 0 | @a博佩荣@Abo pei rong |
| 801 | 0 | @aCN@b大连网信软件有限公司图书馆·11@c20161207 |
| 905 | @aZUCC@dZ126-49@e119 | |
| 国学与人生/博佩荣.-北京:东方出版社,2016.05 |
| 301页;20cm |
| ISBN 7-5060-9071-6:CNY38.00 |
| 国学·通俗读物 |
| ● |
| 相关链接 |
|
|
|
|
正题名:国学与人生
索取号:Z126-49/119
 
预约/预借
| 序号 | 登录号 | 条形码 | 馆藏地/架位号 | 状态 | 备注 |
| 1 | 911504 | 209115045 | 第二样本阅览室/ [索取号:Z126-49/119] | 在馆 | |
| 2 | 911505 | 209115054 | 第三借阅区/ [索取号:Z126-49/119] | 在馆 | |
| 3 | 911506 | 209115063 | 第三借阅区/ [索取号:Z126-49/119] | 在馆 | |
| 4 | 911507 | 209115072 | 第三借阅区/ [索取号:Z126-49/119] | 在馆 | |
| 5 | 911508 | 209115081 | 第三借阅区/ [索取号:Z126-49/119] | 在馆 |